| 000 | 00412cam a2200169ua 4500 | ||
|---|---|---|---|
| 020 | _c3.00 | ||
| 041 |
_amal _h |
||
| 082 |
_a922 _bFRA/KR |
||
| 100 | _aFrancis, Chirayath . | ||
| 245 |
_aKrishtuvinte jeeva charitram / _cFrancis Chirayath. _hTextual Documents |
||
| 260 |
_a : _bFrancis Chirayath , _c1963. |
||
| 300 | _a337 ; . | ||
| 365 | _a3.00 | ||
| 504 | _a | ||
| 942 | _cBK | ||
| 999 |
_c5991 _d5991 |
||